| 000 | 005250000a22001810004500 | ||
|---|---|---|---|
| 041 | 0 | _aSPA | |
| 082 | 0 | 4 | _aG 289.9 V695e |
| 100 | 1 | _aVila Ventura, Samuel (1902-) | |
| 245 | 1 | 0 | _aEl espiritismo y los fenómenos metapsíquicos : a la luz de la Ciencia y de las Sagradas Escrituras / Samuel Vila |
| 250 | _a2 ed ampliada | ||
| 260 | _aEspaña : CLIE | ||
| 300 | _a148 Pag | ||
| 001 | 8917 | ||
| 942 | _cBK | ||
| 999 |
_c39017 _d39017 |
||
| 336 |
_atexto _btxt _2rdacontent |
||
| 337 |
_2rdamedia _asin mediación _bn |
||
| 338 |
_2rdacarrier _avolumen _bnc |
||